000 00271nam a22001097a 4500
040 _cSK
082 _a813
100 _aBLANK
245 _aROAD DESIGN STANDARD; សិក្សាគំរោងថ្នល់បទដ្ឋាន
260 _aNA
_bBLA
_c1999
942 _cEK
999 _c9238
_d9238